00310nam a2200121 a 4500008004100000050001500041100002700056245002500083246002400108260002500132300002200157350000900179120416s1958 ||||||||||||||||| || u aTA 439 Mor aMorice, Peter Beaumond10aPrestressed concrete atheory and practice aLondonbPitmanc1958 aviii, 394p. : ill a0.00